| 000 -LEADER |
| fixed length control field |
01482 a2200385 4500 |
| 003 - CONTROL NUMBER IDENTIFIER |
| control field |
OSt |
| 005 - DATE AND TIME OF LATEST TRANSACTION |
| control field |
20180116192343.0 |
| 008 - FIXED-LENGTH DATA ELEMENTS--GENERAL INFORMATION |
| fixed length control field |
120529t xxu||||| |||| 00| 0 eng d |
| 010 ## - LIBRARY OF CONGRESS CONTROL NUMBER |
| LC control number |
2009923091 |
| 020 ## - INTERNATIONAL STANDARD BOOK NUMBER |
| International Standard Book Number |
9781851775903 (set) |
| 020 ## - INTERNATIONAL STANDARD BOOK NUMBER |
| International Standard Book Number |
1851775900 (set) |
| 020 ## - INTERNATIONAL STANDARD BOOK NUMBER |
| International Standard Book Number |
1851775846 (William Morris) |
| 020 ## - INTERNATIONAL STANDARD BOOK NUMBER |
| International Standard Book Number |
9781851775842 (William Morris) |
| 020 ## - INTERNATIONAL STANDARD BOOK NUMBER |
| International Standard Book Number |
1851775862 (Indian florals) |
| 020 ## - INTERNATIONAL STANDARD BOOK NUMBER |
| International Standard Book Number |
9781851775866 (Indian florals) |
| 020 ## - INTERNATIONAL STANDARD BOOK NUMBER |
| International Standard Book Number |
1851775870 (Digital pioneers) |
| 020 ## - INTERNATIONAL STANDARD BOOK NUMBER |
| International Standard Book Number |
9781851775873 (Digital pioneers) |
| 020 ## - INTERNATIONAL STANDARD BOOK NUMBER |
| International Standard Book Number |
1851775854 (Fifties) |
| 020 ## - INTERNATIONAL STANDARD BOOK NUMBER |
| International Standard Book Number |
9781851775859 (Fifties) |
| 035 ## - SYSTEM CONTROL NUMBER |
| System control number |
(OCoLC)ocn461264277 |
| 040 ## - CATALOGING SOURCE |
| Transcribing agency |
0 |
| 082 04 - DEWEY DECIMAL CLASSIFICATION NUMBER |
| Classification number |
745.407 |
| 110 2# - MAIN ENTRY--CORPORATE NAME |
| Corporate name or jurisdiction name as entry element |
Victoria and Albert Museum. |
| 9 (RLIN) |
2459 |
| 245 10 - TITLE STATEMENT |
| Title |
V&A pattern: |
| Remainder of title |
the Fifties/ |
| Statement of responsibility, etc. |
Victoria and Albert Museum. |
| 260 ## - PUBLICATION, DISTRIBUTION, ETC. |
| Place of publication, distribution, etc. |
London : |
| Name of publisher, distributor, etc. |
V&A Pub., |
| Date of publication, distribution, etc. |
c2009. |
| 300 ## - PHYSICAL DESCRIPTION |
| Extent |
65 p. : |
| Other physical details |
chiefly col. ill. ; |
| Dimensions |
20 cm. + |
| Accompanying material |
CD-ROMs (4 3/4 in.) |
| 500 ## - GENERAL NOTE |
| General note |
In slip case. |
| 500 ## - GENERAL NOTE |
| General note |
"The patterns reproduced in this book are stored on the accompanying compact discs as jpeg files"--Colophon. |
| 505 0# - FORMATTED CONTENTS NOTE |
| Formatted contents note |
[1.] William Morris and Morris & Co. -- [2.] Indian florals -- [3.] Digital pioneers -- [4.] The fifties. |
| 610 20 - SUBJECT ADDED ENTRY--CORPORATE NAME |
| Corporate name or jurisdiction name as entry element |
Victoria and Albert Museum |
| 9 (RLIN) |
2460 |
| 650 #0 - SUBJECT ADDED ENTRY--TOPICAL TERM |
| Topical term or geographic name entry element |
Repetitive patterns (Decorative arts) |
| 9 (RLIN) |
2461 |
| 650 10 - SUBJECT ADDED ENTRY--TOPICAL TERM |
| Topical term or geographic name entry element |
Decorative arts |
| Geographic subdivision |
London |
| -- |
England. |
| 9 (RLIN) |
2462 |
| 942 ## - ADDED ENTRY ELEMENTS (KOHA) |
| Institution code [OBSOLETE] |
SADA |
| Koha item type |
Book |
| Call number prefix |
745.407 VIC 2009 |
| Source of classification or shelving scheme |
|